| 000 | 00446nam a22001337a 4500 | ||
|---|---|---|---|
| 020 | _a978754471391 | ||
| 082 |
_a891.7342 _bSHO |
||
| 100 | _aSholokhov, Mikhail | ||
| 245 |
_aQuiet River Don (Chinese Edition) / _cMikhail Sholokhov and Translated by Jin, Ren, |
||
| 260 |
_aBeijing : _bPeoples Literature Publishing, _c2010. |
||
| 300 |
_a524 p. ; _c22 cm. |
||
| 880 |
_6245-02\r _a静静的顿河 (套装上中下册) / |
||
| 942 |
_2ddc _cBK |
||
| 999 |
_c591730 _d591730 |
||